[Event "Wroclaw op-B"]
[Site "Wroclaw"]
[Date "2024.08.11"]
[Round "5"]
[White "Bogenryter, Hubert"]
[Black "Swierczynski, Jan"]
[Result "1/2-1/2"]
[WhiteElo "1876"]
[BlackElo "1813"]
[PlyCount "88"]
[EventDate "2024.08.08"]
[EventType "swiss"]
[EventRounds "9"]
[EventCountry "POL"]
[SourceTitle "EXT 2025"]
[Source "ChessBase"]
[SourceDate "2024.10.14"]
[SourceVersion "1"]
[SourceVersionDate "2024.10.14"]
[SourceQuality "1"]

1. d4 d5 2. c4 c6 3. Nc3 Nf6 4. Nf3 a6 5. e3 b5 6. c5 Bg4 7. Be2 Nbd7 8. 0-0 e5 9. h3 Bxf3 10. Bxf3 a5 11. Rb1 Be7 12. b4 0-0 13. Bd2 axb4 14. Rxb4 Ne8 15. a4 bxa4 16. Rxa4 Nc7 17. Be2 Ne6 18. Ba6 Ndxc5 19. dxc5 Nxc5 20. Be2 Nxa4 21. Nxa4 e4 22. Qc2 Qc7 23. Nc5 Bxc5 24. Qxc5 Ra2 25. Rd1 Rb8 26. Qd4 f6 27. Bg4 Qb6 28. Bc3 Kf7 29. Qxb6 Rxb6 30. Bd4 Rba6 31. Bc8 R6a4 32. Rc1 Rc4 33. Rxc4 dxc4 34. Bb7 Rc2 35. Bxc6 Rc1+ 36. Kh2 f5 37. Bd5+ Kf8 38. g4 g6 39. gxf5 gxf5 40. Be6 f4 41. Bf5 c3 42. Bxe4 c2 43. Bxc2 Rxc2 44. e4 Kg8 1/2-1/2

[Event "Wroclaw Anderssen Memorial op"]
[Site "Wroclaw"]
[Date "2021.07.31"]
[Round "6"]
[White "Kohut, Anna"]
[Black "Bogenryter, Hubert"]
[Result "1-0"]
[WhiteElo "1991"]
[BlackElo "1781"]
[PlyCount "45"]
[EventDate "2021.07.31"]
[EventType "swiss (rapid)"]
[EventRounds "9"]
[EventCountry "POL"]
[SourceTitle "CBM 203 Extra"]
[Source "ChessBase"]
[SourceDate "2021.09.30"]
[SourceVersion "1"]
[SourceVersionDate "2021.09.30"]
[SourceQuality "1"]

1. f4 e5 2. fxe5 d6 3. exd6 Bxd6 4. Nf3 g5 5. d4 g4 6. Ne5 Qe7 7. Bf4 Nd7 8. Nc3 Nxe5 9. dxe5 Bxe5 10. Bxe5 Qxe5 11. Qd5 Qf4 12. g3 Qf6 13. 0-0-0 c6 14. Qd2 Bf5 15. e4 Be6 16. e5 Qxe5 17. Bc4 Nf6 18. Rhe1 Qf5 19. Bxe6 fxe6 20. Qd6 Kf7 21. Rf1 Qg5+ 22. Kb1 Rae8 23. Ne4 1-0

[Event "POL-chT 2nd League"]
[Site "Polanica Zdroj"]
[Date "2004.09.10"]
[Round "9"]
[White "Wozniak, Marcin"]
[Black "Bogenryter, Hubert"]
[Result "1/2-1/2"]
[WhiteElo "1800"]
[BlackElo "2050"]
[PlyCount "34"]
[EventDate "2004.09.04"]
[EventType "team-swiss"]
[EventRounds "11"]
[EventCountry "POL"]
[SourceTitle "CBM 102 Extra"]
[Source "ChessBase"]
[SourceDate "2004.11.03"]
[SourceVersion "1"]
[SourceVersionDate "2004.11.03"]
[SourceQuality "1"]
[WhiteTeam "Rzeszow Zelmer II"]
[BlackTeam "Wroclaw AZS Politechnika"]
[WhiteTeamCountry "POL"]
[BlackTeamCountry "POL"]

1. e4 c5 2. Nc3 Nc6 3. g3 g6 4. Bg2 Bg7 5. d3 d6 6. f4 e6 7. Nf3 Nge7 8. 0-0 0-0 9. Be3 Nd4 10. e5 Nef5 11. Bf2 Nxf3+ 12. Qxf3 Nd4 13. Qd1 dxe5 14. fxe5 Bxe5 15. Ne4 f5 16. Nxc5 Qc7 17. b4 Nc6 1/2-1/2